Tendenze Novelle Di Ine Millenio
Guardat en:
| Autor principal: | |
|---|---|
| Format: | Llibre |
| Idioma: | idioma desconegut |
| Publicat: |
Edizione Medusa
|
| Etiquetes: |
Sense etiquetes, Sigues el primer a etiquetar aquest registre!
|
MARC
| LEADER | 00000nam a2200000Ia 4500 | ||
|---|---|---|---|
| 001 | R-1763 | ||
| 003 | CODICE-MESSINA | ||
| 005 | 20260212102514.0 | ||
| 008 | 260211s9999 xx 000 0 und d | ||
| 040 | |c importazione_messina | ||
| 100 | |a Matteo Speraddio | ||
| 245 | 0 | |a Tendenze Novelle Di Ine Millenio | |
| 260 | |b Edizione Medusa | ||
| 942 | |2 ddc |c BK | ||
| 952 | |0 0 |1 0 |2 ddc |4 0 |6 SCAFFALE_18_000000000000000__STANZA_2__ROMAMZO |7 0 |9 32604 |a ME |b ME |d 2026-02-11 |l 0 |o SCAFFALE 18 - STANZA 2 - ROMAMZO |p R-1763 |r 2026-02-11 23:53:17 |w 2026-02-11 |x [REVISIONARE] |y BK | ||
| 999 | |c 28271 |d 28271 | ||